Central Library OPAC University of Rajshahi

Physical methods of organic chemistry / (Record no. 14435)

MARC details
000 -LEADER
fixed length control field 00907nam a22002772 4500
001 - CONTROL NUMBER
control field 14435
003 - CONTROL NUMBER IDENTIFIER
rucl marc code BD-RjUL
005 - DATE AND TIME OF LATEST TRANSACTION
control field 20211208235628.0
008 - FIXED-LENGTH DATA ELEMENTS--GENERAL INFORMATION
fixed length control field 140206t1960 nyua 001 0 eng d
035 ## - SYSTEM CONTROL NUMBER
System control number (BD-RjUL)14487
040 ## - CATALOGING SOURCE
Original cataloging agency FHA
Transcribing agency FHA
Modifying agency EQO
-- BD-RjUL
Language of cataloging eng
041 ## - LANGUAGE CODE
Language code of text/sound track or separate title eng
082 04 - DEWEY DECIMAL CLASSIFICATION NUMBER
Edition number 23
Classification number 547.1
Author mark and year PHY 1960
245 00 - TITLE STATEMENT
Title Physical methods of organic chemistry /
Statement of responsibility, etc. Editor Arnold Weissberger.
250 ## - EDITION STATEMENT
Edition statement 3rd completely rev. augm. ed.
260 ## - PUBLICATION, DISTRIBUTION, ETC. (IMPRINT)
Place of publication, distribution, etc. New York :
Name of publisher, distributor, etc. Interscience,
Date of publication, distribution, etc. 1960.
300 ## - PHYSICAL DESCRIPTION
Pagination V. :
Illustrations ill. ;
Size 23 cm.
490 0# - SERIES STATEMENT
Series statement Technique of organic chemistry ;
Volume/sequential designation Vol. 1-4
504 ## - BIBLIOGRAPHY, ETC. NOTE
Bibliography, etc includes index.
505 ## - FORMATTED CONTENTS NOTE
Formatted contents note Vol.1 Physical methods of organic chemistry.Pt. 1-- Pt. 2-- Pt. 3-- V. 4-
650 1# - SUBJECT ADDED ENTRY--TOPICAL TERM
Topical term or geographic name as entry element chemistry
9 (RLIN) 45020
700 1# - ADDED ENTRY--PERSONAL NAME
Personal name Weissberger, Arnold ...[et. al.].
830 #0 - SERIES ADDED ENTRY--UNIFORM TITLE
Volume number/sequential designation Vol. 1-4
Uniform title Technique of organic chemistry ;
942 ## - ADDED ENTRY ELEMENTS (KOHA)
Source of classification or shelving scheme Dewey Decimal Classification
Koha item type Books
Holdings
Lost status Source of classification or shelving scheme Damaged status Not for loan Collection code Permanent Location Current Location Shelving location Date acquired Source of acquisition Cost, normal purchase price Total Checkouts Full call number Date last seen Copy number Koha item type
  Dewey Decimal Classification     Non-fiction Central Library, University of Rajshahi Central Library, University of Rajshahi   29/01/1963 Zeitlinger 1252.00   547.1 PHY V-4 1960 06/02/2014 C-2 Books
  Dewey Decimal Classification   Not For Loan Non-fiction Central Library, University of Rajshahi Central Library, University of Rajshahi Reading Room 29/01/1963 Zeitlinger 779.00   547.1 PHY V-1,Pt-2 1960 16/05/2017 C-1 Books
  Dewey Decimal Classification   Not For Loan Non-fiction Central Library, University of Rajshahi Central Library, University of Rajshahi Reading Room 29/01/1963 Zeitlinger 779.00   547.1 PHY V-1,Pt-4 1960 16/05/2017 C-1 Books
  Dewey Decimal Classification   Not For Loan Non-fiction Central Library, University of Rajshahi Central Library, University of Rajshahi   29/01/1963 Zeitlinger 779.00   547.1 PHY V-1,Pt-1 1959 16/05/2017 C-1 Books
  Dewey Decimal Classification     Non-fiction Central Library, University of Rajshahi Central Library, University of Rajshahi   29/01/1963 Zeitlinger 1252.00   547.1 PHY V-1,Pt-1 1959 16/05/2017 C-2 Books
  Dewey Decimal Classification   Not For Loan Non-fiction Central Library, University of Rajshahi Central Library, University of Rajshahi Reading Room 29/01/1963 Zeitlinger 1252.00   547.1 PHY V-1,Pt-3 1960 16/05/2017 C-1 Books